000 01211cab a2200265 4500
001 ABS67404
008 040203n2004 000 0 eng u
035 _a(Sirsi) u124991
100 _aCouchman, G.
245 _aPart E demands re-think for all materials
260 _c2004
490 _aNew Steel Construction
_v12(1) January - February 2004, 34-35(2)
520 _aExamines in detail how steel solutions can meet the more demanding standards for the acoustic performance for separating walls and floors between dwellings required by the Building Regulations 200 Approved Document E (2003 Edition), which came into effect in July 2003, with the requirements for site testing delayed until January 2004.
590 _aABS
650 _aBUILT ENVIRONMENT-BUILDING ELEMENTS-COMPLETE BUILDING ELEMENTS-WALLS
650 _aACOUSTIC RATING
650 _aACOUSTIC INSULATION
650 _aROBUST STANDARD DETAILS
650 _aBUILT ENVIRONMENT-BUILDING ELEMENTS-COMPLETE BUILDING ELEMENTS-FLOORS
650 _aCOMPOSITE FLOORS
650 _aBUILDING REGULATIONS 2000 APPROVED DOCUMENT E (2003 EDITION)
690 _aBUILT ENVIRONMENT-BUILDING STANDARDS
700 _aRackham, J.
942 _n0
999 _c74101
_d74101